Understanding material culture / (Record no. 23465)

MARC details
000 -LEADER
fixed length control field 01250cam a2200361 a 4500
001 - CONTROL NUMBER
control field 14571382
003 - CONTROL NUMBER IDENTIFIER
control field OSt
005 - DATE AND TIME OF LATEST TRANSACTION
control field 20211222143835.0
008 - FIXED-LENGTH DATA ELEMENTS--GENERAL INFORMATION
fixed length control field 060927s2007 cau b 001 0 eng
010 ## - LIBRARY OF CONGRESS CONTROL NUMBER
LC control number 2006935416
015 ## - NATIONAL BIBLIOGRAPHY NUMBER
National bibliography number GBA710068
Source bnb
016 7# - NATIONAL BIBLIOGRAPHIC AGENCY CONTROL NUMBER
Record control number 013660882
Source Uk
020 ## - INTERNATIONAL STANDARD BOOK NUMBER
International Standard Book Number 9780761942252 (hbk.)
020 ## - INTERNATIONAL STANDARD BOOK NUMBER
International Standard Book Number 0761942254 (hbk.)
020 ## - INTERNATIONAL STANDARD BOOK NUMBER
International Standard Book Number 0761942262 (pbk.)
020 ## - INTERNATIONAL STANDARD BOOK NUMBER
International Standard Book Number 9780761942269 (pbk.)
035 ## - SYSTEM CONTROL NUMBER
System control number (OCoLC)ocm82671933
040 ## - CATALOGING SOURCE
Original cataloging agency UKM
Transcribing agency hu
Modifying agency BAKER
-- BWKUK
-- YDXCP
-- DLC
042 ## - AUTHENTICATION CODE
Authentication code lccopycat
050 00 - LIBRARY OF CONGRESS CALL NUMBER
Classification number GN406
Item number .W67 2007
082 04 - DEWEY DECIMAL CLASSIFICATION NUMBER
Classification number 306.46
Edition number 22
100 1# - MAIN ENTRY--PERSONAL NAME
Personal name Woodward, Ian.
9 (RLIN) 24321
245 10 - TITLE STATEMENT
Title Understanding material culture /
Statement of responsibility, etc. Ian Woodward.
260 ## - PUBLICATION, DISTRIBUTION, ETC.
Place of publication, distribution, etc. Los Angeles :
Name of publisher, distributor, etc. Sage Publications,
Date of publication, distribution, etc. 2007.
300 ## - PHYSICAL DESCRIPTION
Extent vii, 191 p. ;
Dimensions 24 cm.
504 ## - BIBLIOGRAPHY, ETC. NOTE
Bibliography, etc. note Includes bibliographical references (p. [177]-184) and index.
650 #0 - SUBJECT ADDED ENTRY--TOPICAL TERM
Topical term or geographic name entry element Material culture.
9 (RLIN) 24322
856 42 - ELECTRONIC LOCATION AND ACCESS
Materials specified Publisher description
Uniform Resource Identifier <a href="http://www.loc.gov/catdir/enhancements/fy0829/2006935416-d.html">http://www.loc.gov/catdir/enhancements/fy0829/2006935416-d.html</a>
856 41 - ELECTRONIC LOCATION AND ACCESS
Materials specified Table of contents only
Uniform Resource Identifier <a href="http://www.loc.gov/catdir/enhancements/fy0829/2006935416-t.html">http://www.loc.gov/catdir/enhancements/fy0829/2006935416-t.html</a>
906 ## - LOCAL DATA ELEMENT F, LDF (RLIN)
a 7
b cbc
c copycat
d 2
e ncip
f 20
g y-gencatlg
942 ## - ADDED ENTRY ELEMENTS (KOHA)
Source of classification or shelving scheme Dewey Decimal Classification
Koha item type Books like text book referance book
Suppress in OPAC No
Holdings
Withdrawn status Lost status Source of classification or shelving scheme Damaged status Not for loan Home library Current library Shelving location Date acquired Total Checkouts Full call number Barcode Date last seen Copy number Price effective from Koha item type
    Dewey Decimal Classification     Social Library Social Library General Stacks 12/22/2021   306,46/woo SHLIB 00012699 12/22/2021 c1 12/22/2021 Books like text book referance book